| 000 | 00702 a2200181 4500 | ||
|---|---|---|---|
| 003 | Nust | ||
| 005 | 20170207153214.0 | ||
| 040 | _cNust | ||
| 082 | _a005.1 | ||
| 100 | _aIqbal, Faiza (MSCS-13) | ||
| 245 |
_aIEEE 802.21 based multihoming approach to vertical handover in heterogeneous wireless networks _cFaiza Iqbal |
||
| 260 |
_bMCS,NUST _c2009 _aRawalpindi |
||
| 300 | _aix, 76, p.; | ||
| 505 | _aIntroduction (page-1) Literature review (page-5) Proposed system model (page-15) Simulation configuration and implementation of MMVH (page-28) System analysis and results (page-43) Conclusion and future work (page-67)) | ||
| 538 | _aAlmirah No 69 Shelf No 4 | ||
| 650 | _aPG Thesis | ||
| 651 | _aMSCS-13 | ||
| 942 | _cTHS | ||
| 999 |
_c181513 _d181513 |
||